000 00309nam a22001457a 4500
008 210428b ||||| |||| 00| 0 eng d
020 _a9781269757966
041 _aeng
080 _a573
082 _a573
100 _a11
101 _aBIO
245 _aCampbell Biology
_cJane B. Reece
942 _2udc
_cBK
999 _c56882
_d56882